Представление документа в формате RUSMARC

ПолеНазваниеЗначение
  Тип записи a
  Библиографический уровень m
001 Контрольный номер RU/SLIB/B/208702772
005 Дата корректировки 20201206203839.2
010 Индекс ISBN __
d Цена 250-00
101 Язык документа 0_
a Язык текста rus
200 Заглавие и сведения об ответственности 1_
a Заглавие Басни
f Первые сведения об ответственности Крылов И. А. ; ил. Л. Коненко
b Общее обозначение материала Текст
210 Выходные данные __
a Место издания Омск
c Издательство Сиб. левша
d Дата издания 1998
215 Физическое описание __
a Объем 128 с.
c Иллюстрации/тип воспроизводства ил.
d Формат 22х30 мм
300 Общие примечания __
a Общие примечания Микрокн. в футл.
a Общие примечания Ред. кн.
606 Тематические рубрики __
a Основная рубрика Художественная литература
y Географическая подрубрика Россия
606 Тематические рубрики __
a Основная рубрика Русская литература XVIII в. (произведения)
606 Тематические рубрики __
a Основная рубрика Русская литература XIX в. (произведения)
610 Ключевые слова __
a Ключевые слова русская литература; басни; тема сатиры; тема юмора; тема животных; тема морали; тема общества; тема человека; русская классическая литература
686 Индексы других классификаций __
2 Код системы rubbks
a Классификационный индекс 84(2=411.2)5-7
700 Автор _1
a Фамилия Крылов
b Имя И. А.
4 Код отношения 070
702 Вторичная интеллектуальная ответственность _1
a Фамилия Коненко
b Имя Л.
4 Код отношения Иллюстратор
801 Источник записи _0
a Страна RU
b Организация Муниципальное бюджетное учреждение культуры "Централизованная библиотечная система" г. Сургут (Центральная городская библиотека им. А. С. Пушкина)
g Правила каталогизации ОБ/Бутенко
801 Источник записи _1
a Страна RU
b Организация Муниципальное бюджетное учреждение культуры "Централизованная библиотечная система" г. Сургут (Центральная городская библиотека им. А. С. Пушкина)
g Правила каталогизации ОБ/Бутенко
852 Данные о местонахождении __
j Шифр хранения 84(2=411.2)5-7
i Авторский знак К 85
p Инвентарный номер 67973
901 Тип документа __
t Тип документа m
903 Характеристики (МАРС) __
a Дата передачи 19980518
990 Данные о заказе (DOS) 00
j Количество экземпляров (DOS) 1